000 01373pam a2200361 a 4500
001 3451998
005 20250717095330.0
008 921210s1994 nyua b 001 0 eng
010 _a 92044656
020 _a0024005819
020 _a9780024005816
035 _a3451998
040 _aDLC
_cDLC
_dDLC
050 0 0 _aHG3881
_b.R527 1994
082 0 0 _a332.042
_bRIZ
100 1 _aRivera-Batiz, Francisco L.
_9129884
245 1 0 _aInternational finance and open economy macroeconomics /
_cFrancisco L. Rivera-Batiz, Luis A. Rivera-Batiz.
250 _a2nd ed.
260 _aNew York :
_bMacmillan ;
_aToronto :
_bMaxwell Macmillan Canada ;
_aNew York :
_bMaxwell Macmillan International,
_cc1994.
300 _axviii, 676 p. :
_bill. ;
_c25 cm.
336 _atext
_btxt
_2rdacontent
337 _aunmediated
_bn
_2rdamedia
338 _avolume
_bnc
_2rdacarrier
504 _aIncludes bibliographical references and indexes.
650 0 _aInternational finance.
_93156
650 0 _aInternational economic relations.
_9539
650 0 _aMacroeconomics.
_911176
700 1 _aRivera-Batiz, Luis.
_9129885
906 _a7
_bcbc
_corignew
_d1
_eocip
_f19
_gy-gencatlg
942 _2ddc
_cBK
999 _c614389
_d614389